T.G.M. v Lánech /
| Hlavní autor: | Jandík, Stanislav, 1902-1970 |
|---|---|
| Jazyk: | Čeština |
| Vydáno: |
Praha : Za svobodu 1948 |
| Vydání: | 7. vyd. |
| Edice: |
Za svobodu
|
| Fyzický popis: |
197-[xi] s., [lxxxv] s. obr. příl. ; 4° |
|
| LEADER | 00574nam a22002052a 4500 | ||
|---|---|---|---|
| 001 | 000260845 | ||
| 003 | CZ BrMZK | ||
| 005 | 20180531131129.0 | ||
| 007 | ta | ||
| 008 | 950101s1948 xr af f 000 0 cze d | ||
| 040 | |a BOA001 |b cze | ||
| 100 | 1 | |a Jandík, Stanislav, |d 1902-1970 |7 jk01050885 |4 aut | |
| 245 | 1 | 0 | |a T.G.M. v Lánech / |c Stanislav Jandík |
| 250 | |a 7. vyd. | ||
| 260 | |a Praha : |b Za svobodu |c 1948 | ||
| 300 | |a 197-[xi] s., [lxxxv] s. obr. příl. ; |c 4° | ||
| 490 | 1 | |a Za svobodu. Ř. 1 ; |v sv. 1 | |
| 830 | 0 | |a Za svobodu |0 s | |
| 910 | |a BOA001 |b Mas-0185.189-48,1/1 | ||
| 990 | |a BK | ||
English
Čeština 